| 000 | 00861cac a22002175a 4500 | ||
|---|---|---|---|
| 001 | L141537 | ||
| 008 | 071129q1932 xxk eng u | ||
| 035 | _a(Sirsi) u141537 | ||
| 041 | 0 | _aeng | |
| 245 | 0 | 1 |
_a[Collection of material relating to the B.Sc. (Estate Management) Club] _h[manuscript] |
| 260 | _cca. 1932 | ||
| 300 |
_a3 sheets _c33 x 20 cm., or smaller |
||
| 340 | _aTypescript and printed | ||
| 351 | _cFonds | ||
| 500 | _aCollection consists of a list of members of the Club, undated but possibly c. 1932, as well as a leaflet on the degree of B.Sc. (Estate Management). | ||
| 520 | _aThe B.Sc. (Estate Management) Club is open to those holding the qualification of B.Sc. in Estate Management. | ||
| 610 | 2 | 4 |
_aB.Sc. Estate Management Club _91679 |
| 651 | 4 |
_aUnited Kingdom _y |
|
| 690 | _aABOUT RICS-RELATED ORGANISATIONS | ||
| 942 | _n0 | ||
| 999 |
_c116729 _d116729 |
||